100 Premier League Appearances: Crystal Palace - Statistics

General Stats
  • This quiz has been taken 26 times
  • The average score is 7 of 15
Answers on the Grid
Answers color-coded by a green-red scale on the quiz's grid according to % correct below.
Chris Richards
Gary Cahill
Joel Ward
Martin Kelly
Mamadou Sakho
Jordan Ayew
Jeffrey Schlupp
Marouane Chamakh
Patrick van Aanholt
Joe Ledley
Andy Johnson
Wilfried Zaha
James McCarthy
Michael Olise
James McArthur
Vicente Guaita
Daichi Kamada
Cheikou Kouyate
Jason Puncheon
Aaron Wan-Bissaka
Christian Benteke
Max Meyer
Bruce Dyer
Andros Townsend
Wayne Routledge
Wayne Hennessey
Gareth Southgate
Dean Gordon
Tyrick Mitchell
Eberechi Eze
 
Answer Stats
Answer % Correct
Joel Ward
83%
Jeffrey Schlupp
75%
Jordan Ayew
75%
Wilfried Zaha
75%
James McArthur
58%
Patrick van Aanholt
58%
Martin Kelly
50%
Andros Townsend
42%
Tyrick Mitchell
33%
Eberechi Eze
25%
Jason Puncheon
25%
Cheikou Kouyate
17%
Wayne Hennessey
17%
Christian Benteke
8%
Vicente Guaita
8%
No matching quizzes found
Score Distribution
Percent of People with Each Score
Percentile by Number Answered
Your Score History
You have not taken this quiz